| 000 | 00556cam a2200157u 4500 | ||
|---|---|---|---|
| 082 |
_a621.56 _bPIT _cL-8, P-16 |
||
| 100 | 2 |
_aYate Pitts, Geofrey. [from old catalog] _941883 |
|
| 245 | 1 | 0 | _aRefrigeration insulation. |
| 260 |
_aLondon, _bPublished on behalf of the Institute of Refrigeration by Modern Refrigeration _c[1951?] |
||
| 300 |
_a47 p. _billus. _c22 cm. |
||
| 526 |
_a0 _b0 _c0 _d621_560000000000000_PIT |
||
| 650 | 0 |
_aInsulation (Heat) _941884 |
|
| 650 | 0 |
_aMCE _9379 |
|
| 650 | 0 |
_aRefrigeration and refrigerating machinery. _919031 |
|
| 942 |
_2ddc _cBK |
||
| 999 |
_c545903 _d545903 |
||